Investičné a podnikateľské prostredie vybraných krajín subsaharskej Afriky – Juhoafrickej republiky, Etiópie a Angoly diplomová práca

Uložené v:
Podrobná bibliografia
Hlavný autor: Lizáková, Klaudia
Korporativný autor: Obchodná fakulta EU. Katedra medzinárodného obchodu
Ďalší autori: Baumgartner, Boris
Médium: Kniha
Jazyk:Slovak
Vydavateľské údaje: Bratislava 2018
Tagy: Pridať tag
Žiadne tagy, Buďte prvý, kto otaguje tento záznam!

MARC

LEADER 00000nbm a2200000 4500
001 0243216
005 20181003112933.7
041 0 |a slo 
044 |a SK 
245 1 0 |a Investičné a podnikateľské prostredie vybraných krajín subsaharskej Afriky – Juhoafrickej republiky, Etiópie a Angoly  |b diplomová práca  |c Klaudia Lizáková ; školiteľ: Boris Baumgartner 
264 1 |a Bratislava  |c 2018 
300 |a 84 s. 
100 1 |a Lizáková, Klaudia 
700 1 |a Baumgartner, Boris 
710 2 |a Obchodná fakulta EU. Katedra medzinárodného obchodu